000 00471nam a2200193Ia 4500
005 20240823025400.0
008 240823s9999||||xx |||||||||||||| ||und||
020 _a978-81-203-3057-3
041 _aENGLISH
082 _A621.59 Q0
100 _aMamata Mukhopadhyay
245 0 _aFundamentals of Cryogenic Engineering
250 _a1st
260 _c2010
_b#VALUE!
500 _aYES
650 _aCryogenic
_bAerospace Engineering
942 _cBK
999 _c186184
_d186184